[Event "Bundesliga 9091"]
[Site "Germany"]
[Date "1990.??.??"]
[Round "?.3"]
[White "Rabiega, Robert"]
[Black "Ostl, Andreas"]
[Result "0-1"]
[WhiteElo "2345"]
[BlackElo "2325"]
[PlyCount "54"]
[EventDate "1990.10.06"]
[EventType "team-tourn"]
[EventRounds "15"]
[EventCountry "GER"]
[SourceTitle "GER-chT"]
[Source "ChessBase"]
[SourceDate "1999.07.01"]
[SourceVersion "1"]
[SourceVersionDate "1999.07.01"]
[SourceQuality "1"]
[WhiteTeam "Koenig Tegel"]
[BlackTeam "Heidelberg"]
[WhiteTeamCountry "GER"]
[BlackTeamCountry "GER"]

1. e4 c5 2. c3 Nf6 3. e5 Nd5 4. d4 cxd4 5. Nf3 Nc6 6. Bc4 Nb6 7. Bb3 d5 8. exd6 Qxd6 9. 0-0 Bf5 10. Nxd4 Nxd4 11. cxd4 Bxb1 12. Rxb1 e6 13. Qg4 Qd7 14. d5 exd5 15. Re1+ Kd8 16. Qd4 f6 17. Rd1 Rc8 18. Bxd5 Bc5 19. Qe4 Re8 20. Qf3 Nxd5 21. Bf4 Ke7 22. Rxd5 Qe6 23. Rbd1 Kf8 24. h3 Kg8 25. Rd7 Qe2 26. Rxg7+ Kxg7 27. Bh6+ Kg6 0-1